Statistics for Draft horses by picture

Click here to take the quiz!

General Stats

  • This quiz has been taken 24 times
    (20 since last reset)
  • The average score is 6 of 15

Answer Stats

Answer% Correct
Clydesdale
94%
Shire
94%
Fjord
82%
Gypsy
82%
Belgian
53%
Percheron
53%
Friesian
47%
Haflinger
35%
Ardennais
12%
Breton
12%
American cream draft
6%
Comtois
6%
Noriker
6%
Finnish horse
0%
Spotted draft
0%

Score Distribution

Percentile by Number Answered

Percent of People with Each Score

Your Score History

You have not taken this quiz since the last reset